000 00900nam a2200241Ii 4500
003 JO-AjNU
008 230605s9999||||xx |||||||||||||| ||und||
017 _a1997/8316
020 _a977-01-5361-3
040 _aJO-AjNU
_bara
_erda
_cJO-AjNU
041 _aara
050 1 4 _aDS36.8.O4412 1997
100 3 _aأوليري، ديلاسي ؛ ترجمة: تمام حسان ؛ مراجعة: محمد مصطفى حلمي,
_eauthor
_98592
245 0 0 _aالفكر العربي ومكانه في التاريخ
250 _aط2
264 3 1 _aالقاهرة: الهيئة المصرية العامة للكتاب، 1997
300 _a203ص
336 _atext
_btxt
_2rdacontent
337 _aunmediated
_bn
_2rdamedia
338 _avolume
_bnc
_2rdacarrier
490 0 _aالالف كتاب الثاني 304
650 4 _aالفلسفة الاسلامية- الفلسفة العربية- تاريخ
_98593
999 _aA868
_c4436
_d4436